The century of revolution, 1603-1714 /

Bibliographic Details
Main Author: Hill, Christopher, 1912-2003
Format: Book
Language:English
Published: New York : Norton, 1982
Edition:2nd ed.
Subjects:

MARC

Tag First Indicator Second Indicator Subfields
LEADER 00000cam a22000008a 4500
001 in00000096076
005 20150923173936.0
008 820302c1982 nyu b 00110 eng
010 |a  82003521  
020 |a 0393015734 
020 |a 0393300161 (pbk.) 
035 |a (OCoLC)08281500 
035 |9 AAK8467AM 
039 0 |a 2  |b 3  |c 3  |d 3  |e 3 
040 |a DLC  |c DLC  |d TXA  |d UtOrBLW 
043 |a e-uk--- 
049 |a TXAM  |c [1362680] 
050 0 0 |a DA375  |b  H5 1982 
082 0 |a 941.06  |2 19 
100 1 |a Hill, Christopher,  |d 1912-2003. 
245 1 4 |a The century of revolution, 1603-1714 /  |c Christopher Hill. 
250 |a 2nd ed. 
263 |a 8204 
264 1 |a New York :  |b Norton,  |c 1982 
264 4 |c ©1980 
300 |a 296 pages ;  |c 21 cm. 
336 |a text  |b txt  |2 rdacontent 
337 |a unmediated  |b n  |2 rdamedia 
338 |a volume  |b nc  |2 rdacarrier 
500 |a Includes index. 
504 |a Bibliography: pages [278]-283. 
651 0 |a Great Britain  |x History  |y Stuarts, 1603-1714. 
999 |a MARS 
999 f f |s da1554ed-bd01-38c8-91f0-921668c9c74b  |i 47bb7ec5-9cf7-3c2f-831f-a9cda3777ea1  |t 0 
952 f f |p normal  |a Texas A&M University  |b College Station  |c Sterling C. Evans Library  |d Evans: Library Stacks  |t 0  |e DA375 H5 1982  |h Library of Congress classification  |i unmediated -- volume  |m A14806038896 
998 f f |a DA375 H5 1982  |t 0  |l Evans: Library Stacks